000 00282nam a2200097Ia 4500
082 _a657 EPST
245 0 _aThe complete idiot's guide to accounting
100 _a EPSTEIN, Lita Indianapolis, IN, 2003
_999585
942 _cBK
008 210817s9999 xx 000 0 und d
999 _c423011
_d423010